000 00461nam a2200181Ia 4500
001 23742
005 20260414150957.0
008 260414t2010||||xx |||||||||||||| ||spa||
041 _aESP
082 _a701.8
_bG23
100 _aGarcía Estévez, Edmundo
_eAUT
245 0 _aFundamentos geométricos del diseño y la pintura actual
_b
260 _c2010
300 _a206 páginas :
_c27 cm.
650 _aABD
654 _aCAU
942 _cLIB
_dJUS
_fJUS
_2ddc
_n
999 _c23742
_d23742